Rozmowy z katem /
Gorde:
| Egile nagusia: | |
|---|---|
| Erakunde egilea: | |
| Beste egile batzuk: | , |
| Formatua: | Liburua |
| Hizkuntza: | poloniera |
| Argitaratua: |
Warszawa :
Wydaw. Naukowe PWN,
1999
|
| Edizioa: | [Wyd. 12]. |
| Gaiak: | |
| Etiketak: |
Etiketarik gabe, Izan zaitez lehena erregistro honi etiketa jartzen!
|
MARC
| LEADER | 00000nam a2200000 i 4500 | ||
|---|---|---|---|
| 001 | 9910289089805606 | ||
| 005 | 20260515140226.0 | ||
| 008 | 980713s1997 pl a |001 0 pol | ||
| 020 | |a 8301110694 | ||
| 035 | |a 991004853879705066 | ||
| 035 | |a (PL-WaBN)b11278043-48omnis_nlop | ||
| 035 | |a b11278043 | ||
| 035 | |a (OCoLC)751205726 | ||
| 035 | |a xx001760750 | ||
| 035 | |a aa97029218 | ||
| 035 | |a (PL)b0000001127804 | ||
| 040 | |a WA N |c WA N |d WA N |d OLSZT 003 |d WA N | ||
| 041 | 0 | |a pol | |
| 080 | |a 943.0"19":940.531.8:[355:929A/Z](430):884-92 | ||
| 090 | |c 65 |d 64 | ||
| 100 | 1 | |a Moczarski, Kazimierz |d (1907-1975) | |
| 240 | 1 | 0 | |a Rozmowy z katem |l (pol.) |
| 245 | 1 | 0 | |a Rozmowy z katem / |c Kazimierz Moczarski ; oprac. Andrzej Krzysztof Kunert ; [przedm. Andrzej Szczypiorski]. |
| 250 | |a [Wyd. 12]. | ||
| 260 | |a Warszawa : |b Wydaw. Naukowe PWN, |c 1999 |e (Łódź : |f ŁZG). | ||
| 300 | |a 416 s., [16] s. tabl. : |b faks., fot., portr. ; |c 21 cm. | ||
| 504 | |a Indeks. | ||
| 521 | |a Lektura dla klas IV szkół średnich. | ||
| 600 | 1 | 7 | |a Stroop, Jürgen |d (1895-1952) |
| 600 | 1 | 0 | |a Stroop, Jürgen, |d 1895-1952 |
| 610 | 2 | 7 | |a Waffenschutzstaffel. |
| 650 | 7 | |a Ludobójstwo niemieckie (1939-1945) | |
| 650 | 7 | |a Nazizm | |
| 650 | 0 | |a Nazis |v Biography | |
| 651 | 7 | |a Niemcy |v biografie. | |
| 651 | 7 | |a Niemcy |y 1918-1945. | |
| 651 | 7 | |a Polska |y 1939-1945 (Okupacja niemiecka i sowiecka) |v relacje osobiste. | |
| 700 | 1 | |a Kunert, Andrzej Krzysztof |d (1952- ) |e Opracowanie | |
| 700 | 1 | |a Szczypiorski, Andrzej |d (1928-2000) |e Przedmowa | |
| 710 | 2 | |a Wydawnictwo Naukowe PWN | |
| 920 | |a 83-01-11069-4 | ||
| 942 | |c K | ||
| 952 | |0 0 |1 0 |4 0 |6 R__43_000000000000000 |7 0 |9 63 |a RYT |b RYT |d 2026-03-17 |e 1/2026 |g 10.00 |l 0 |o R.43 |p 2000000000435 |r 2026-05-15 14:02:26 |w 2026-05-15 |y BK |z da | ||
| 999 | |c 63 |d 63 | ||